000
00343nam a22001457a 4500
008
210308b ||||| |||| 00| 0 eng d
020
_a
9780760049884
041
_a
eng
080
_a
004
082
_2
004
100
_a
35
101
_a
SHK
245
_a
Planning and Designin Web sites
_c
Sue A. Conger , Richard O. Mason
942
_2
udc
_c
BK
999
_c
55909
_d
55909